| 000 | 00550nam a2200229Ia 4500 | ||
|---|---|---|---|
| 003 | OSt | ||
| 005 | 20220928101828.0 | ||
| 006 | a|||||r|||| 00| 0 | ||
| 007 | ta | ||
| 008 | 220927b |||||||| |||| 00| 0 eng d | ||
| 024 | _a130981 | ||
| 037 | _cTextual | ||
| 040 |
_aSDCL _cSDCL _beng |
||
| 041 |
_2eng _aeng |
||
| 082 | _aO15,2L50,2, G3 | ||
| 100 |
_aRai Madanand _9395327 |
||
| 245 | 0 | _aKavyamala. | |
| 260 | _c1933 | ||
| 300 |
_a128p _ccm. |
||
| 942 |
_hO15,2L50,2, G3 _cTEXL _2CC |
||
| 999 |
_c710984 _d710984 |
||